=LDR 00000nam 2200000 4500 =001 INLIS000000000012674 =005 20130612104154 =008 ***********************************Ind** =035 ##$$0010-061300000012674 =041 ##$$a Ind =082 ##$$a 612.01 =090 ##$$a 612.01, Dar a =100 ##$$a Daruokusodo, Serguispong Pernadi =245 ##$$a Anatomida dari Feserlogi untuk peserta Keseluruhan Sambil berserta Tanya jawab =260 ##$$a 1980 $b Jakarta =300 ##$$a 240 hlm., 21 cm =650 ##$$a Anatomi =850 ##$$a NBPNMAT